Science Quiz

Random Science Quiz
Score 0/34 Timer 07:00
0 Plays Today
Hint Answer % Correct
Jan 15Army day
100%
Jan 12National youth day
96.3%
Jan 26Republic day
96.3%
Mar 8International Women's day
88.9%
Mar 21World forestry day
88.9%
Feb 14St Valentine's day
85.2%
Mar 22World day for water
85.2%
June 5World environment day
85.2%
Sept 5Teacher's day
85.2%
April 22World earth day
81.5%
May 1International labour day
81.5%
May 31World no tobacco day
81.5%
July 11World population day
81.5%
Oct 8Indian airforce day
81.5%
Nov 14Children's day
81.5%
July 4American independence day
77.8%
Aug 15India's Independence day
77.8%
Hint Answer % Correct
Aug 29Sports day(Dhyanchand's birthday)
77.8%
Sept 14Hindi day, World first aid day
77.8%
Oct 31National Unity day
77.8%
Dec 1World AIDS day
77.8%
Dec 4Navy day
77.8%
Oct 2Gandhi jayanti
74.1%
Oct 24United Nations day
74.1%
Dec 10Human rights day
74.1%
Dec 25Good governance day
70.4%
Mar 15World consumer rights day
70%
June 21World Yoga day
66.7%
Nov 17Guru Nanak Dev's birth anniversary
66.7%
April 14B.R Ambedkar rememberance day
59.3%
Jan 30(Martyr's day) Mahatma Gandhi's Martyrdom day; World leprosy eradication day
51.9%
Last sunday of sepWorld rivers day
25%
Mar 15World consumer rights day
20%
Oct 16World food day
20%
Come Together.
Have Fun.
All Virtual.
We all need to come together. Play Sporcle's virtual live trivia to have fun, connect with people, and get your trivia on. Join a live hosted trivia game for your favorite pub trivia experience done virtually. If a virtual private party is more your thing, go here for details.

You're not logged in!

Compare scores with friends on all Sporcle quizzes.
OR
Log In

Sporcle TV

Today on Sporcle TV


Watch our educational content, quiz creation guides, and fun videos on Sporcle TV.

Show Comments

Extras

Created Jan 5, 2016ReportNominate
Tags:Popular Science

Top Quizzes Today


Score Distribution

Paid Content

Your Account Isn't Verified!

In order to create a playlist on Sporcle, you need to verify the email address you used during registration. Go to your Sporcle Settings to finish the process.

Report this User

Report this user for behavior that violates our Community Guidelines.

Details: